Leucemia aguda / (Record no. 176190)

MARC details
000 -LEADER
campo de control de longitud fija 01024nam a22003015i 4500
001 - NÚMERO DE CONTROL
campo de control 176190
003 - IDENTIFICADOR DE NÚMERO DE CONTROL
campo de control ES-MaACL
005 - FECHA Y HORA DE LA ÚLTIMA TRANSACCIÓN
campo de control 20230906220021.0
008 - DATOS DE LONGITUD FIJA--INFORMACIÓN GENERAL
campo de control de longitud fija 101222s1979 sp |||| | spa d
020 ## - NÚMERO INTERNACIONAL ESTÁNDAR DEL LIBRO
Número Internacional Estándar del Libro 84-345-1782-5
080 ## - NÚMERO DE LA CLASIFICACIÓN DECIMAL UNIVERSAL
Número de la Clasificación Decimal Universal 616.155.3
080 ## - NÚMERO DE LA CLASIFICACIÓN DECIMAL UNIVERSAL
Número de la Clasificación Decimal Universal 616.15
245 00 - MENCIÓN DEL TÍTULO
Título Leucemia aguda /
Mención de responsabilidad, etc. director, Joseph V. Simone ; consejo editorial H. G. Lasch... [et al.] ; [traducción del inglés a cargo de Marcelo Corominas].
260 ## - PUBLICACIÓN, DISTRIBUCIÓN, ETC.
Lugar de publicación, distribución, etc. Barcelona [etc.] :
Nombre del editor, distribuidor, etc. Salvat,
Fecha de publicación, distribución, etc. D. L. 1979.
300 ## - DESCRIPCIÓN FÍSICA
Extensión VI, 210 p. :
Otras características físicas il. bl. y n. ;
Dimensiones 25 cm.
490 1# - MENCIÓN DE SERIE
Mención de serie Clínica hematológica ;
Designación de volumen o secuencia 6/2
500 ## - NOTA GENERAL
Nota general Índice.
504 ## - NOTA DE BIBLIOGRAFÍA, ETC.
Nota de bibliografía, etc. Bibliografía.
594 ## - Nota al título y mención de responsabilidad
Nota al título y mención de responsabilidad Tít. original: Acute leukaemia.
650 04 - PUNTO DE ACCESO ADICIONAL DE MATERIA--TÉRMINO DE MATERIA
Término de materia o nombre geográfico como elemento de entrada Leucemia.
9 (RLIN) 144484
650 #4 - PUNTO DE ACCESO ADICIONAL DE MATERIA--TÉRMINO DE MATERIA
Término de materia o nombre geográfico como elemento de entrada Hematología.
9 (RLIN) 13300
700 1# - ENTRADA AGREGADA--NOMBRE PERSONAL
Nombre de persona Simone, Joseph V.
9 (RLIN) 144483
700 1# - ENTRADA AGREGADA--NOMBRE PERSONAL
Nombre de persona Lasch, Hans-Gotthard.
9 (RLIN) 144469
700 1# - ENTRADA AGREGADA--NOMBRE PERSONAL
Nombre de persona Corominas, Marcelo.
9 (RLIN) 144475
830 0# - PUNTO DE ACCESO ADICIONAL DE SERIE-TÍTULO UNIFORME
Título uniforme Clínica hematológica ;
Designación de volumen o secuencia 6/2
9 (RLIN) 187616
852 ## - LOCALIZACIÓN
Ubicación ES-MaACL
Número de control de estantería E-13867
Encuadernación Olim P-372
Holdings
Estatus retirado Estado de pérdida Estado de daño No para préstamo Biblioteca de origen Biblioteca actual Ubicación en estantería Fecha de adquisición Fuente de adquisición Total de préstamos Signatura topográfica completa Código de barras Visto por última vez Precio de reemplazo Tipo de ítem Koha
        Biblioteca del Ateneo de Madrid Biblioteca del Ateneo de Madrid Depósito 2 22/12/2010     E-13867 1185040 23/02/2023 23/02/2023 Libro impreso